000 00351nam a2200133Ia 4500
005 20260328104330.0
008 260328s9999||||xx |||||||||||||| ||und||
100 _aNudelman, Jorge
245 0 _aJustino Serralta ; Carlos Clémot /
_cJorge Nudelman
260 _bUniversidad de la República
300 _a95 p.
650 _aARQUITECTOS
942 _cBK
999 _c11665
_d11665